000
00281nam a22001097a 4500
008
240610b |||||||| |||| 00| 0 eng d
100
_a
Advani, Jagat
_9
15209
245
_a
Pyar Thmlo Ahe Zindagi Me Aik Dafo
260
_a
Bombay:
_b
Sindhi Pub
_c
1968.
300
_a
108p.
942
_c
BK
999
_c
39460
_d
39460